000 00893nam a2200265Ia 4500
003 OSt
005 20220930094617.0
006 a|||||r|||| 00| 0
007 ta
008 220926b |||||||| |||| 00| 0 eng d
024 _a72280
037 _cTheses
040 _aCRL
_cCRL
_beng
041 _2eng
_aeng
100 _aDharmendra Kumar Au.
_9555965
110 _aUniversity of Delhi. Faculty of Mathematical Sciences. Department of Mathematics
245 0 _aDynamical structures of solitary wave solutions for the nonlinear evolution equations using lie symmetry analysis
260 _c2020
300 _a147p.
_ap.
_ccm.
650 _aMathematics
700 _a Sachin Kumar Gu.
_9553306
700 _aUniversity of Delhi. Faculty of Mathematical Sciences. Department of Mathematics
942 _cDIS
_2CC
999 _c887390
_d887390